Quarterly review of the Economy of Sri Lanka-Vol. 2 no. 4 (October-December 2002 (Record no. 4808)

MARC details
000 -LEADER
fixed length control field 00326nam a2200097 4500
008 - FIXED-LENGTH DATA ELEMENTS--GENERAL INFORMATION
fixed length control field 240223b |||||||| |||| 00| 0 eng d
942 ## - ADDED ENTRY ELEMENTS (KOHA)
Item Type Periodicals
245 ## - TITLE STATEMENT
Title Quarterly review of the Economy of Sri Lanka-Vol. 2 no. 4 (October-December 2002
260 ## - PUBLICATION, DISTRIBUTION, ETC. (IMPRINT)
Place of Publication Colombo :
Name of Publisher International centre for ethnic studies
Date of Copyright 2002
650 ## - SUBJECT ADDED ENTRY--TOPICAL TERM
Topical Term ETHNIC STUDIES
Holdings
Withdrawn status Lost status Source of classification or shelving scheme Damaged status Not for loan Permanent location Current location Date acquired Total Checkouts Barcode Date last seen Price effective from Koha item type
    Dewey Decimal Classification     Resource center, Muslim Women's Research And Action Forum Resource center, Muslim Women's Research And Action Forum 2024-02-23   RAF5100 2024-02-23 2024-02-23 Periodicals

Copyright © 2023 Muslim Women's Research and Action Forum (MWRAF), No 27/3, Anderson Road, Kalubowila, Dehiwela. Funded by The Asia Fundation